000 00774nam a2200181Ia 4500
008 090124s9999 xx 000 0 und d
082 _b28731
100 _aखरात शंकरराव रा.
245 _a डॉ. बाबासाहेब आंबेडकरांचे धर्मांतर
250 _a0
260 _bइंद्रायणी प्रकाशन
_c1990
300 _a315
600 _aखरात शंकरराव रा.
630 _a डॉ. बाबासाहेब आंबेडकरांचे धर्मांतर
700 _aखरात शंकरराव रा.
730 _a डॉ. बाबासाहेब आंबेडकरांचे धर्मांतर
942 _cBOOK
999 _c96503
_d96503